000 00600cam a22002173a 4500
001 39081
003 PGUSA
005 20140828083851.0
008 120308s2012||||xxu|||||s|||||000 | eng d
040 _aPGUSA
_beng
042 _adc
100 1 _aWells, Carolyn,
_d1862-1942
245 1 4 _aThe Dorrance Domain
_h[electronic resource] /
_cCarolyn Wells
260 _bProject Gutenberg,
_c2012
506 _aPublic domain in the USA.
516 _aElectronic text
700 1 _aDoane, Pelagie
830 0 _aProject Gutenberg
_v39081
856 4 0 _uhttp://www.gutenberg.org/ebooks/39081
942 _cEB
999 _c268334
_d268334